Score 0/18 Timer 10:00
9 Plays Today
Column % Correct
Pizza
98.3%
Lasagne
93.5%
Gelato
90.3%
Ravioli
89.9%
Pesto alla genovese
86%
Spaghetti alla carbonara
83.9%
Tiramisù
79.3%
Mozzarella
79.2%
Parmigiano Reggiano
72%
Column % Correct
Bruschetta
68.6%
Salame
68.1%
Tortellini
65.2%
Risotto
64.7%
Gnocchi
64.5%
Prosciutto di Parma
61.1%
Minestrone
60.9%
Ragù alla bolognese
50.2%
Focaccia
42.4%
Remove Ads.
Support Sporcle.
Get the best of Sporcle when you Go Orange. This ad-free experience offers more features, more stats, and more fun while also helping to support Sporcle. Thank you for becoming a member.

You're not logged in!

Compare scores with friends on all Sporcle quizzes.
OR
Log In

Show Comments

Extras

Top Quizzes Today


Score Distribution

Your Account Isn't Verified!

In order to create a playlist on Sporcle, you need to verify the email address you used during registration. Go to your Sporcle Settings to finish the process.

Report this User

Report this user for behavior that violates our Community Guidelines.

Details: